01841 am a2200529 a 450000500170000000800410001702000150005804100080007309200200008124500660010125000200016726000350018730000110022250001080023365300330034165300770037465300430045165300440049465300410053865300270057965300240060665300260063065300390065665300360069565300250073165300200075665300160077665300170079265300250080965300260083465300210086070000270088170000220090870000390093070000240096970000230099370000230101670000280103970000270106770000250109470000290111970000300114893000090117894200120118799900130119995200990121220240521130350.0100330s1982||||ag f 001 0dspa d a9502300211 aspa c614.44l10sCAT aCátedra de medicina preventiva y social / cFelix Olivieri a2a ed. ampliada aBuenos Aires: bEUDEBA;c1982. a346 p. aOlivieri, F. et al. (1982). Cátedra de medicina preventiva y social. (2a ed.). Buenos Aires : EUDEBA. aMedicina preventiva y social aDisciplinas y problemas relacionados con la medicina preventiva y social aDiagnóstico de la realidad sanitaria aTratamiento de la situación sanitaria aMedidas de magnitud de la enfermedad aSalud materno infantil aAtención médica aSaneamiento ambiental aControl sanitario de los alimentos aFactores ambientales y la salud aMedicina del trabajo aEpidemiología aNutrición aSalud mental aAnexo I: alcoholismo aAnexo II: toxicomania aRehabilitación1 aOlivieri, Félix93521 aLepera, Luis93531 aGanduglia Pirovano, José A.93541 aAntoni, Adolfo93551 aVal, Andrés93561 aBellocq, Rene93571 aMazzafero, Vicente93581 aGanapol, Gregorio93591 aBiedak, Enrique93601 aPistoletti, Enrique93611 aRosemwarzel, Horacio9362 a1919 2ddccBK c200d200 00104070aBFMbBFMcCRd2011-05-13l0o614.44 10 CATp1919r2014-11-06tej.1w2011-05-13yBK